000 01035nam a2200325 i 4500
003 EG-GICUC
005 20260121101430.0
008 251204s1970 fr ||||fr|||||||1 | fre d
040 _aEG-GiCUC
_bfre
_cEG-GiCUC
_dEG-GiCUC
_eRda
041 _afre
082 0 4 _221
_a341.1
_bRO . D
092 0 4 _221
099 _aLaw1 11 341.1 RO . D 5 ed - 1970
100 1 _aRousseau, Charles,
_d1902-1993,
_eAuteur
245 1 0 _aDroit international public /
_cCharles Rousseau.
250 _aCinquième édition
264 1 _aParis :
_bDalloz,
_c1970.
300 _a411 pages ;
_c18 cm.
336 _2rda contenu
_a texte
337 _2rda medias
_aOrdinateur
338 _2 transporteur rda
_a Ressource en ligne
490 0 _3Précis Dalloz. Droit.
504 _aIncludes bibliographical references and index.
546 _aTexte en français
650 1 4 _aDroit international public
_2qrmak
651 1 _2qrmak
856 4 0 _uhttps://fll.law.cu.edu.eg/fulltext/bks/B11-05595.pdf
905 _a75
_eHassnaa
942 _2ddc
_n0
_cBK
_e21
999 _c48415
_d48415